| 000 | 00581nmm a2200193Ia 4500 | ||
|---|---|---|---|
| 008 | 251105s9999||||xx |||||||||||||||||und|| | ||
| 020 | _a8497881265 | ||
| 041 | _aspa | ||
| 100 | _aPrats Gil, Enric | ||
| 245 | 0 | _aÉtica de la información | |
| 264 |
_a[Madrid, España] : _bUniversitat Oberta de Catalunya, _c2004 |
||
| 300 | _a164 páginas | ||
| 650 | _aMedia Studies (Journ., TV, etc) | ||
| 700 | _aPrats Gil, Enric | ||
| 700 | 1 | _a Buxarrais Estrada, Maria Rosa | |
| 700 | 1 | _a Tey Tejón, Amèlia | |
| 856 | _uhttps://public.digitaliapublishing.com/a/989 | ||
| 942 | _cCF | ||
| 999 |
_c70173 _d70173 |
||